Die "Abscheu"-Sprüche der altägyptischen Sargtexte : Untersuchungen zu Textemen und Dialogstrukturen /

محفوظ في:

المؤلف الرئيسي: Topmann, Doris (مؤلف)

التنسيق: كتاب

اللغة: German
Ancient Egyptian

منشور في: Wiesbaden : Harrassowitz, 2002.

سلاسل: Gottinger Orientforschungen ; 39.
GOF ; 39.

الموضوعات:

الوسوم: إضافة وسم

لا توجد وسوم, كن أول من يضع وسما على هذه التسجيلة!

رقم الطلب: DT57 .G65 v.39

LEADER 00867namaa2200277 4500
001 23051
003 OSt
005 20250601124909.0
008 130303s2002 gw 000 0 ger d
020 |a 3447043032 (pbk.) 
040 |c ARCE Library 
041 0 |a ger  |a egy 
050 4 |a DT57 .G65 v.39 
100 1 |a Topmann, Doris,   |e author  |9 41195 
245 1 4 |a Die "Abscheu"-Sprüche der altägyptischen Sargtexte :   |b Untersuchungen zu Textemen und Dialogstrukturen /   |c Doris Topmann. 
264 1 |a Wiesbaden :   |b Harrassowitz,   |c 2002. 
300 |a ix, 236 pages ;   |c 25 cm. 
490 1 |a Gottinger Orientforschungen,   |x 0340-6342 ;  |v 39. 
490 1 |a GOF ;   |v 39. 
546 |a Text in German and Egyption. 
650 0 |a Coffin texts. 
830 0 |a Gottinger Orientforschungen ;   |v 39. 
830 0 |a GOF ;   |v 39. 
901 |a reviewed 
942 |c BK  |2 lcc 
999 |c 20283  |d 20283